Dom2k 1984 Simulation Champions - Statistics

General Stats
  • This quiz has been taken 9 times
    6 since last reset
  • The average score is 12 of 27
Answer Stats
Hint Answer % Correct
2011 Chicago Bulls
80%
1984 Los Angeles Lakers
80%
2010 Chicago Bulls
60%
1997 Chicago Bulls
60%
1994 Chicago Bulls
60%
1987 Dallas Mavericks
60%
2003 Los Angeles Lakers
60%
1985 Los Angeles Lakers
60%
2002 Miami Heat
60%
2007 Minnesota Timberwolves
60%
2006 Minnesota Timberwolves
60%
2004 Minnesota Timberwolves
60%
1999 Sacramento Kings
60%
1996 Chicago Bulls
40%
1993 Chicago Bulls
40%
1988 Chicago Bulls
40%
1995 Houston Rockets
40%
2009 Memphis Grizzlies
40%
1991 Portland Trail Blazers
40%
2000 Sacramento Kings
40%
1989 Boston Celtics
20%
2001 Cleveland Cavaliers
20%
1986 Philadelphia 76ers
20%
1998 Atlanta Hawks
0%
2008 Detroit Pistons
0%
2005 Detroit Pistons
0%
1992 Houston Rockets
0%
No matching quizzes found
Score Distribution
Percent of People with Each Score
Percentile by Number Answered
Your Score History
You have not taken this quiz since the last reset